000 00405nam a2200145Ia 4500
008 230718s9999 xx 000 0 und d
041 _aEng.
082 _a341.051
_bڈاک-ت
100 _aڈاکٹر محمد طاہر القادری
245 0 _aتصور دی ۔ حیات ہوئی
260 _aPakistan
_bگنج شکر پر مٹر، لاہور
_c1997
300 _a539
650 _aLaw
999 _c28792
_d28792